000 00451nam a2200181Ia 4500
001 20326
005 20260306172758.0
008 260306t2010||||xx |||||||||||||| ||spa||
041 _aESP
082 _a343.2
_bC73
100 _aEditora y Librería Jurídica Grijley E.I.R.L.
_eAUT
245 0 _aConstitución:
_bcódigo procesal constitucional
260 _c2010
300 _a
_c
650 _aGEN
654 _aCDE
942 _cLIB
_dJUS
_fJUS
_2ddc
_n
999 _c20326
_d20326